Exportný potenciál slovenských výživových doplnkov ako nástroja podpory zdravej výživy na vybrané zahraničné trhy

Preskúmanie exportného potenciálu slovenských výživových doplnkov na vybrané zahraničné trhy, konkrétne do Českej republiky a Holandska, ktoré sú dôležitými obchodnými partnermi Slovenska v rámci Európskej únie.

Na minha lista:
Detalhes bibliográficos
Autor principal: Kašťáková, Elena, 1974-
Outros Autores: Adamec, Simon, Krajčík, Daniel, 1981-
Formato: Capítulo de Livro
Idioma:eslovaco
Assuntos:
Tags: Adicionar Tag
Sem tags, seja o primeiro a adicionar uma tag!

MARC

LEADER 00000naa$a2200000$$$4500
001 0313367
005 20251215135027.0
041 0 |a slo 
044 |a SK 
245 1 0 |a Exportný potenciál slovenských výživových doplnkov ako nástroja podpory zdravej výživy na vybrané zahraničné trhy  |c Elena Kašťáková, Simon Adamec, Daniel Krajčík 
520 |a Preskúmanie exportného potenciálu slovenských výživových doplnkov na vybrané zahraničné trhy, konkrétne do Českej republiky a Holandska, ktoré sú dôležitými obchodnými partnermi Slovenska v rámci Európskej únie. 
610 2 0 |a obchod zahraničný 
610 2 0 |a Slovensko 
610 2 0 |a Česko 
610 2 0 |a Holandsko 
610 2 0 |a vývoz 
610 2 0 |a vývoz tovaru 
610 2 0 |a potenciál ekonomický 
610 2 0 |a výživa 
610 2 0 |a zdravie 
100 1 |a Kašťáková, Elena, 1974- 
700 1 |a Adamec, Simon 
700 1 |a Krajčík, Daniel, 1981-